Statistics for Top Five Attack Pokémon in Each Type

Click here to take the quiz!

General Stats

  • This quiz has been taken 9 times
  • The average score is 33 of 90

Answer Stats

TypePokemon% Correct
PsychicDeoxys
100%
NormalRegigigas
100%
NormalSlaking
100%
FireEmboar
80%
GroundGroudon
80%
DragonRayquaza
80%
FlyingRayquaza
80%
GroundRhydon|Garchomp|
Mamoswine
80%
FairyXerneas
80%
RockArcheops
60%
FlyingArcheops
60%
BugBuzzwole
60%
FightingBuzzwole
60%
WaterCrawdaunt|Palkia|
Sharpedo
60%
ElectricElectivire
60%
PsychicGallade
60%
FairyGrimmsnarl
60%
DragonHaxorus
60%
IceMamoswine
60%
GhostMarshadow
60%
SteelMetagross
60%
PsychicMetagross
60%
PoisonMuk
60%
RockRampardos
60%
GrassRillaboom
60%
BugScizor
60%
DragonZekrom
60%
ElectricZekrom
60%
IceBeartic
40%
FightingConkeldurr
40%
FightingCrabominable
40%
IceCrabominable
40%
DragonDragonite
40%
FlyingDragonite
40%
GroundExcadrill
40%
SteelExcadrill
40%
FireFlareon
40%
GhostGolurk
40%
SteelKartana
40%
GrassKartana
40%
GhostLunala
40%
FightingPheromosa
40%
BugPheromosa
40%
DragonSalamence
40%
FlyingSalamence
40%
SteelSolgaleo
40%
PsychicSolgaleo
40%
DarkTyranitar
40%
NormalUrsaring
40%
DarkYveltal
40%
FlyingYveltal
40%
FairyZacian
40%
PsychicAzelf
20%
GrassBreloom
20%
IceDarmanitan
20%
FireDarmanitan
20%
BugEscavalier
20%
IceGlastrier
20%
ElectricGolem
20%
WaterGolisopod
20%
FairyGranbull
20%
FireHo-Oh
20%
WaterKingler
20%
BugKleavor
20%
RockKleavor
20%
SteelMelmetal
20%
GroundRhyperior
20%
RockRhyperior
20%
PoisonSneasler
20%
PoisonToxicroak
20%
NormalUrsaluna
20%
GroundUrsaluna
20%
DarkUrshifu
20%
WaterWishiwashi
20%
DarkAbsol
0%
WaterBarraskewda
0%
NormalBewear
0%
DarkBisharp|Honchkrow
0%
FireBlacephalon
0%
GhostBlacephalon
0%
GrassDhelmise
0%
GhostDhelmise
0%
ElectricEelektross|Tapu Koko
0%
RockGigalith
0%
ElectricLuxray
0%
PoisonOverqwil
0%
FightingSirfetch'd
0%
GrassTapu Bulu
0%
FairyTapu Bulu
0%
PoisonVictreebel
0%

Score Distribution

Percentile by Number Answered

Percent of People with Each Score

Your Score History

You have not taken this quiz